| 000 | 00602nam a22001937a 4500 | ||
|---|---|---|---|
| 005 | 2011101801031.0 | ||
| 010 | _aG-001743 | ||
| 020 | _c60.00 | ||
| 035 | 1 | d | _aG-001743 |
| 037 | _bGift | ||
| 082 | _aS | ||
| 245 | _aTales of Hitopadesha | ||
| 260 |
_aJaipur _bShyam Prakashan _c2009 |
||
| 270 |
_a1926, Nataniyon Ka Rasta, _bJaipur _e302003 |
||
| 300 |
_a64p. _c21cm(pbk) |
||
| 942 |
_2ddc _cCH _hS _mTAL |
||
| 999 |
_c57743 _d57743 |
||